Subjektive Rechte und personale Identität. Die Anwendung subjektiver Rechte bei Immanuel Kant, Carl Schmitt, Hans Kelsen und Hermann Heller.

Đã lưu trong:
Chi tiết về thư mục
Những tác giả chính: Schütze, Marc (Tác giả), Kant, Immanuel, 1724-1804 (Tác giả), Schmitt, Carl, 1888-1985 (Tác giả), Kelsen, Hans 1881-1973 (Tác giả), Heller, Hermann (Tác giả)
Định dạng: Sách
Được phát hành: Berlin, Deutschland: Duncker & Humblot, 2004.
Loạt:Schriften zur Rechtstheorie, 218.
Những chủ đề:
Các nhãn: Thêm thẻ
Không có thẻ, Là người đầu tiên thẻ bản ghi này!

MARC

LEADER 00000nam a22000007a 4500
003 CL-VaPUC
005 20250327113713.0
008 220809t2004 ||||| |||| 00| 0 eng d
999 |c 438172  |d 438170 
020 |a 3-428-11094-3 
040 |c Pontificia Universidad Católica de Valparaíso 
082 7 |a 340.1 SCH 2004  |2 22 
100 1 |a Schütze, Marc  |e author  |9 875187 
245 |a Subjektive Rechte und personale Identität.  |b Die Anwendung subjektiver Rechte bei Immanuel Kant, Carl Schmitt, Hans Kelsen und Hermann Heller.  
260 |a Berlin, Deutschland:  |b Duncker & Humblot,   |c 2004. 
300 |a 302 páginas.  
490 |a Schriften zur Rechtstheorie,   |v 218. 
500 |a c.1 Donación Familia Prof. Alejandro Guzmán Brito. 
583 |c 20220809  |k Cristina María Rojas Aguilar 
650 |a Derecho   |x Filosofía   |9 866192 
650 |a Etica  |9 255099 
700 |a Kant, Immanuel,  |d 1724-1804  |e author  |9 858687 
700 |a Schmitt, Carl,  |d 1888-1985  |e author  |9 258380 
700 |a Kelsen, Hans   |9 859087  |d 1881-1973  |e author 
700 |a Heller, Hermann  |9 328249  |e author 
942 |2 ddc  |c BK  |n 0 
952 |0 0  |1 0  |2 ddc  |4 0  |6 340_100000000000000_SCH_2004  |7 1  |8 C_AGB  |9 586051  |a BIBDER  |b BIBDER  |d 2022-08-09  |e Donación   |i 5654018  |o 340.1 SCH 2004  |p 5654018  |r 2023-01-25  |t 1  |w 2022-08-09  |y BK_US  |k AGB